The pulp and paper industry in the OECD member countries 1978-1979

Guardat en:
Dades bibliogràfiques
Format: Llibre
Idioma:Undetermined
Publicat: Paris OECD 1980
Matèries:
Etiquetes: Afegir etiqueta
Sense etiquetes, Sigues el primer a etiquetar aquest registre!
Thư viện lưu trữ: Trung tâm Học liệu Trường Đại học Cần Thơ
LEADER 00431nam a2200157Ia 4500
001 CTU_96374
008 210402s9999 xx 000 0 und d
082 |a 338.4 
082 |b P982 
245 4 |a The pulp and paper industry in the OECD member countries 1978-1979 
260 |a Paris 
260 |b OECD 
260 |c 1980 
650 |a Paper industry 
904 |i Tuyến 
980 |a Trung tâm Học liệu Trường Đại học Cần Thơ